|
|
|
|
| LEADER |
00000cam a2200000 7i4500 |
| 001 |
0000094139 |
| 005 |
20240820161725.0 |
| 020 |
|
|
|a 9789352764518 (
|q paperback)
|
| 040 |
|
|
|e rda
|
| 041 |
|
|
|a English
|
| 090 |
0 |
0 |
|a JF
|b BIO ENG
|
| 245 |
1 |
0 |
|a Vladimir Lenin
|
| 264 |
|
1 |
|a India :
|b Om Books International
|c 2023
|
| 300 |
|
|
|a 16 pages :
|b colour illustration ;
|c 28 cm.
|
| 336 |
|
|
|a text
|2 rdacontent
|
| 337 |
|
|
|a unmediated
|2 rdamedia
|
| 338 |
|
|
|a volume
|2 rdacarrier
|
| 490 |
1 |
|
|a The great leaders series
|
| 500 |
|
|
|a Children ages 10-12 years old (pink)
|
| 541 |
|
|
|c Purchased on 2024
|f 00308/2024 TSR
|h RM27.50
|
| 650 |
|
0 |
|a Leadership, English
|
| 650 |
|
0 |
|a Leardership
|x Juvenile literature
|
| 730 |
0 |
|
|a Title
|
| 999 |
|
|
|a 0001770984
|b Book
|c Children Collection
|e Desa - PPAJ
|
| 999 |
|
|
|a 0001770985
|b Book
|c Children Collection
|e Desa - PPAJ
|
| 999 |
|
|
|a 0001770986
|b Book
|c Children Collection
|e Desa - PPAJ
|
| 999 |
|
|
|a 0001770987
|b Book
|c Children Collection
|e Desa - PPAJ
|
| 999 |
|
|
|a 0001770988
|b Book
|c Children Collection
|e Desa - PPAJ
|
| 999 |
|
|
|a 0001770989
|b Book
|c Children Collection
|e Desa - PPAJ
|
| 999 |
|
|
|a 0001770990
|b Book
|c Children Collection
|e Desa - PPAJ
|
| 999 |
|
|
|a 0001770991
|b Book
|c Children Collection
|e Desa - PPAJ
|
| 999 |
|
|
|a 0001770992
|b Book
|c Children Collection
|e Desa - PPAJ
|
| 999 |
|
|
|a 0001770993
|b Book
|c Children Collection
|e Desa - PPAJ
|
| 999 |
|
|
|a 0001770994
|b Book
|c Children Collection
|e Desa - PPAJ
|
| 999 |
|
|
|a 0001770995
|b Book
|c Children Collection
|e Desa - PPAJ
|
| 999 |
|
|
|a 0001770996
|b Book
|c Children Collection
|e Desa - PPAJ
|
| 999 |
|
|
|a 0001770997
|b Book
|c Children Collection
|e Desa - PPAJ
|
| 999 |
|
|
|a 0001770998
|b Book
|c Children Collection
|e Desa - PPAJ
|
| 999 |
|
|
|a 0001770999
|b Book
|c Children Collection
|e Desa - PPAJ
|
| 999 |
|
|
|a 0001771000
|b Book
|c Children Collection
|e Desa - PPAJ
|
| 999 |
|
|
|a 0001771001
|b Book
|c Children Collection
|e Desa - PPAJ
|
| 999 |
|
|
|a 0001771002
|b Book
|c Children Collection
|e Desa - PPAJ
|
| 999 |
|
|
|a 0001771003
|b Book
|c Children Collection
|e Desa - PPAJ
|
| 999 |
|
|
|a 0001771004
|b Book
|c Children Collection
|e Desa - PPAJ
|
| 999 |
|
|
|a 0001771005
|b Book
|c Children Collection
|e Desa - PPAJ
|
| 999 |
|
|
|a 0001771006
|b Book
|c Children Collection
|e Desa - PPAJ
|
| 999 |
|
|
|a 0001771007
|b Book
|c Children Collection
|e Desa - PPAJ
|
| 999 |
|
|
|a 0001771008
|b Book
|c Children Collection
|e Desa - PPAJ
|
| 999 |
|
|
|a 0001771009
|b Book
|c Children Collection
|e Desa - PPAJ
|
| 999 |
|
|
|a 0001771010
|b Book
|c Children Collection
|e Desa - PPAJ
|
| 999 |
|
|
|a 0001771011
|b Book
|c Children Collection
|e Desa - PPAJ
|
| 999 |
|
|
|a 0001771012
|b Book
|c Children Collection
|e Desa - PPAJ
|
| 999 |
|
|
|a 0001771013
|b Book
|c Children Collection
|e Desa - PPAJ
|
| 999 |
|
|
|a 0001771014
|b Book
|c Children Collection
|e Desa - PPAJ
|
| 999 |
|
|
|a 0001771015
|b Book
|c Children Collection
|e Desa - PPAJ
|
| 999 |
|
|
|a 0001771016
|b Book
|c Children Collection
|e Desa - PPAJ
|
| 999 |
|
|
|a 0001771017
|b Book
|c Children Collection
|e Desa - PPAJ
|
| 999 |
|
|
|a 0001771018
|b Book
|c Children Collection
|e Desa - PPAJ
|
| 999 |
|
|
|a 0001771019
|b Book
|c Children Collection
|e Desa - PPAJ
|
| 999 |
|
|
|a 0001771020
|b Book
|c Children Collection
|e Desa - PPAJ
|
| 999 |
|
|
|a 0001771021
|b Book
|c Children Collection
|e Desa - PPAJ
|
| 999 |
|
|
|a 0001771022
|b Book
|c Children Collection
|e Desa - PPAJ
|
| 999 |
|
|
|a 0001771023
|b Book
|c Children Collection
|e Desa - PPAJ
|
| 999 |
|
|
|a 0001771024
|b Book
|c Children Collection
|e Desa - PPAJ
|
| 999 |
|
|
|a 0001772268
|b Book
|c Children Collection
|e Perbadanan Perpustakaan Awam Johor
|
| 999 |
|
|
|a 0001772269
|b Book
|c Children Collection
|e Cawangan Urban Transformation Centre
|
| 999 |
|
|
|a 0001772270
|b Book
|c Children Collection
|e Cawangan AEON Kulaijaya
|
| 999 |
|
|
|a 0001772271
|b Book
|c Children Collection
|e Cawangan Pontian
|
| 999 |
|
|
|a 0001772272
|b Book
|c Children Collection
|e Cawangan Mersing
|
| 999 |
|
|
|a 0001772273
|b Book
|c Children Collection
|e Cawangan Bukit Gambir
|
| 999 |
|
|
|a 0001772274
|b Book
|c Children Collection
|e Perbadanan Perpustakaan Awam Johor
|
| 999 |
|
|
|a 0001772275
|b Book
|c Children Collection
|e Cawangan Tmn. Ungku Tun Aminah
|
| 999 |
|
|
|a 0001772276
|b Book
|c Children Collection
|e Cawangan Batu Pahat
|
| 999 |
|
|
|a 0001772277
|b Book
|c Children Collection
|e Cawangan Bandar Tenggara
|
| 999 |
|
|
|a 0001772278
|b Book
|c Children Collection
|e Cawangan Tangkak
|
| 999 |
|
|
|a 0001772279
|b Book
|c Children Collection
|e Cawangan Taman Sri Lambak
|
| 999 |
|
|
|a 0001772280
|b Book
|c Children Collection
|e Cawangan Segamat
|
| 999 |
|
|
|a 0001772281
|b Book
|c Children Collection
|e Cawangan Muar
|
| 999 |
|
|
|a 0001772282
|b Book
|c Children Collection
|e Cawangan Taman Universiti
|
| 999 |
|
|
|a 0001772283
|b Book
|c Children Collection
|e Cawangan Kota Tinggi
|
| 999 |
|
|
|a 0001772284
|b Book
|c Children Collection
|e Cawangan Bandar Penawar
|